000 01225nam a2200337Ia 4500
001 Para_9590
003 CHAP
008 220125s2009 xx 000 0 und d
010 _a206382
040 _cCHAP
090 _aTESIS 2250
100 _aMonteon Ojeda, Abraham
_977800
245 _aHongos asociados a la semilla de trigo (Triticum aestivum L.) de temporal en diferentes tipos de labranza (convencional y conservación) /
_c por Abraham Monteon Ojeda y Amado Pérez Rodríguez
260 _aChapingo, Méx. :
_b el autor
300 _a95 h.
502 _aTesis (Ing. Agr. Esp. en Parasitología Agrícola) -- UACh. Departamento Parasitología Agrícola
650 _aHongos fitopatógenos
_956132
650 _aLabranza convencional
_9171245
650 _aLabranza de conservación
_964308
650 _aSemillas
_x enfermedades
_9103898
650 _aTrigo
_x enfermedades por hongos
_9115018
700 _aPérez Rodríguez, Amado
_989979
710 _aUACh. Departamento Parasitología Agrícola
_9164025
901 _aTESIS 2250
902 _aM
905 _a0000002009 amn 0000000000 00
910 _a2009
942 _cPARA
942 _cPARA
_d2
999 _c206382
_d206382